000 02468cam a22003495i 4500
999 _c28108
_d28079
001 18548534
003 EG-ScBUE
005 20200216105422.0
008 150331s2015 enka f b 001 0 eng d
020 _a9780521154260 (paperback)
020 _a052115426X (paperback)
035 _a(OCoLC)ocn896863206
040 _aBTCTA
_beng
_erda
_cBTCTA
_dUKMGB
_dCDX
_dYDXCP
_dOCLCO
_dCDN
_dOCLCF
_dPMC
_dDLC
_dEG-ScBUE
082 0 4 _a305.8
_bTHE
_222
245 0 0 _aTheories of race and ethnicity :
_bcontemporary debates and perspectives /
_cedited by Karim Murji and John Solomos.
264 1 _aCambridge :
_bCambridge University Press,
_c2015.
300 _axiv, 292 pages ;
_c23 cm
336 _atext
_btxt
_2rdacontent
337 _aunmediated
_bn
_2rdamedia
338 _avolume
_bnc
_2rdacarrier
504 _aIncludes bibliographical references and index.
505 0 _aIntroduction : situating the present / Karim Murji and John Solomos -- Race and the science of difference in the age of genomics / Sandra Soo-Jin Lee -- Color-blind egalitarianism as the new racial norm / Charles A. Gallagher -- Getting over the Obama hope hangover : the new racism in 'post-racial' America / Eduardo Bonilla-Silva (with Victor E. Ray) -- Does a recognition of mixed race move us toward post-race? / Miri Song -- Acting 'as' and acting 'as if' : two approaches to the politics of race and migration / Leah Bassel -- Can race be eradicated? The post-racial problematic / Brett St. Louis -- Superseding race in sociology : the perspective of critical rationalism / Michael Banton -- Critical race feminism / Adrien K. Wing -- Performativity and 'raced' bodies / Shirley Anne Tate -- Racism : psychoanalytic and psychoanalytic and psychosocial approaches / Simon Clarke -- The sociology of whiteness : beyond good and evil white people / Matthew W. Hughey -- (Sexual) whiteness and national identity : race, class and sexuality in colour-blind France / �Eric Fassin -- Racial comparisons, relational racisms : some thoughts on method / David Theo Goldberg -- Conclusion : back to the future / Karim Murji and John Solomos.
650 7 _aRace.
_2BUEsh
650 7 _aEthnicity.
_2BUEsh
650 7 _aRacism.
_2BUEsh
653 _bBUSBOL
_cFebruary2020
700 1 _aMurji, Karim,
_d1960-
_eeditor.
700 1 _aSolomos, John,
_eeditor.
942 _2ddc
_cBB